Perry's Chemical Engineers'Handbook
This handbook provides you with unrivaled, state-of-the-art coverage of all aspects of chemical engineering-from the fundamentals to details on computer applications and control.
Sparad:
| Materialtyp: | Bok |
|---|---|
| Språk: | Undetermined |
| Publicerad: |
New York
McGraw-Hill
1997
|
| Ämnen: | |
| Taggar: |
Lägg till en tagg
Inga taggar, Lägg till första taggen!
|
| Thư viện lưu trữ: | Trung tâm Học liệu Trường Đại học Cần Thơ |
|---|
| LEADER | 00795nam a2200217Ia 4500 | ||
|---|---|---|---|
| 001 | CTU_33334 | ||
| 008 | 210402s9999 xx 000 0 und d | ||
| 082 | |a 660 | ||
| 082 | |b P462 | ||
| 245 | 0 | |a Perry's Chemical Engineers'Handbook | |
| 245 | 0 | |c Edited by Robert H. Perry and Don W. Green | |
| 260 | |a New York | ||
| 260 | |b McGraw-Hill | ||
| 260 | |c 1997 | ||
| 520 | |a This handbook provides you with unrivaled, state-of-the-art coverage of all aspects of chemical engineering-from the fundamentals to details on computer applications and control. | ||
| 526 | |a Tính toán thông gió kho bảo quản | ||
| 526 | |b NN655 | ||
| 650 | |a Chemical engineering | ||
| 650 | |x Handbooks, manuals, etc. | ||
| 904 | |i Thom, Năm | ||
| 980 | |a Trung tâm Học liệu Trường Đại học Cần Thơ | ||